[Event "Junior Online 4NCL Division 5"]
[Site "online"]
[Date "2021.04.15"]
[EventDate "2021.04.15"]
[Round "7.245"]
[White "Pang, Ethan"]
[WhiteElo "925"]
[WhiteTeam "Edgware Gambits J"]
[Black "Rajdev, Vamika"]
[BlackElo "1150"]
[BlackTeam "Young Dragons C"]
[Result "1-0"]
[PlyCount "49"]

1. e4 c5 2. Nf3 d6 3. d4 Nf6 4. Nc3 Nc6 5. Bb5 cxd4 6. Nxd4 Bd7 7. Nxc6 bxc6 8. Bc4 Be6 9. Bxe6 fxe6 10. Bg5 Rb8 11. Rb1 h6 12. Bxf6 exf6 13. Qh5+ g6 14. Qxg6+ Ke7 15. O-O Qa5 16. f4 d5 17. exd5 cxd5 18. f5 d4 19. Ne4 Rb5 20. Qxf6+ Kd7 21. fxe6+ Kc6 22. e7+ Kd7 23. exf8=N+ Rxf8 24. Qd6+ Ke8 25. Rxf8# 1-0

[Event "Junior Online 4NCL Division 5"]
[Site "online"]
[Date "2021.04.15"]
[EventDate "2021.04.15"]
[Round "7.246"]
[White "Swartz, Edward RG"]
[WhiteElo "1013"]
[WhiteTeam "Young Dragons C"]
[Black "Simmons, Keaton"]
[BlackElo "925"]
[BlackTeam "Edgware Gambits J"]
[Result "1-0"]
[PlyCount "69"]

1. e4 e5 2. Nf3 Nc6 3. Bc4 Bc5 4. c3 Nf6 5. d4 exd4 6. cxd4 Bb4+ 7. Bd2 Bxd2+ 8. Nbxd2 O-O 9. e5 Ng4 10. h3 Nh6 11. O-O Qe7 12. a3 d6 13. exd6 cxd6 14. Re1 Qf6 15. Ne4 Qf5 16. Nxd6 Qg6 17. Nxc8 Raxc8 18. d5 Na5 19. Bd3 Qh5 20. b4 Qxd5 21. Bxh7+ Kxh7 22. Qxd5 Rcd8 23. Qxa5 b6 24. Qxa7 Rfe8 25. Rxe8 Rxe8 26. Qxb6 g6 27. Ng5+ Kg7 28. Qd4+ f6 29. Qd7+ Kf8 30. Nh7+ Kg8 31. Qxe8+ Kxh7 32. Re1 g5 33. Re7+ Nf7 34. Qxf7+ Kh6 35. Qh7# 1-0

[Event "Junior Online 4NCL Division 5"]
[Site "online"]
[Date "2021.04.15"]
[EventDate "2021.04.15"]
[Round "7.247"]
[White "Soni, Gia"]
[WhiteElo "850"]
[WhiteTeam "Edgware Gambits J"]
[Black "Hoccom, Sebastian"]
[BlackElo "1040"]
[BlackTeam "Young Dragons C"]
[Result "0-1"]
[PlyCount "46"]

1. e4 e5 2. Nf3 Nc6 3. Bc4 h6 4. O-O Nf6 5. d3 Bc5 6. Nc3 Bd4 7. Nxd4 exd4 8. Nd5 Nxd5 9. Bxd5 O-O 10. Bxc6 dxc6 11. c3 dxc3 12. bxc3 Qf6 13. Qf3 Qxc3 14. Rb1 Qe5 15. Bb2 Qe6 16. Qf5 Qxf5 17. exf5 Bxf5 18. Be5 Bxd3 19. Rxb7 Bxf1 20. Kxf1 Rfe8 21. Rxc7 Rxe5 22. Rxc6 Rd8 23. Rc3 Rd1# 0-1

[Event "Junior Online 4NCL Division 5"]
[Site "online"]
[Date "2021.04.15"]
[EventDate "2021.04.15"]
[Round "7.248"]
[White "Kong, Emma"]
[WhiteElo "1000"]
[WhiteTeam "Young Dragons C"]
[Black "Tulsiani, Aarav"]
[BlackElo "910"]
[BlackTeam "Edgware Gambits J"]
[Result "1-0"]
[PlyCount "35"]

1. e4 e5 2. Nf3 Nc6 3. Bc4 Nf6 4. d3 Bc5 5. O-O O-O 6. Nc3 d6 7. h3 Bd7 8. Bg5 h6 9. Bh4 g5 10. Bg3 g4 11. hxg4 Bxg4 12. Qd2 Bxf3 13. gxf3 h5 14. Qg5+ Kh8 15. Qh6+ Kg8 16. Bh4 Qe8 17. Bxf6 Qe6 18. Qg7# 1-0

[Event "Junior Online 4NCL Division 5"]
[Site "online"]
[Date "2021.04.15"]
[EventDate "2021.04.15"]
[Round "7.251"]
[White "Szajman, Adam"]
[WhiteElo "998"]
[WhiteTeam "Edgware Gambits H"]
[Black "Anchan, Arjun"]
[BlackElo "940"]
[BlackTeam "Maidenhead Juniors 6"]
[Result "1/2-1/2"]
[PlyCount "110"]

1. d4 b6 2. c4 Bb7 3. Nc3 e6 4. d5 Bb4 5. Bd2 Bxc3 6. Bxc3 Nf6 7. dxe6 fxe6 8. e3 O-O 9. Nf3 Ne8 10. Bd3 Bxf3 11. Qxf3 Rxf3 12. gxf3 Nf6 13. Rg1 g6 14. e4 Nh5 15. e5 Nf4 16. Bc2 Nh3 17. Rg3 Nf4 18. Rg4 Nh5 19. Bxg6 hxg6 20. Rxg6+ Ng7 21. Kd2 Qe8 22. Rag1 Qxg6 23. Rxg6 Kf7 24. Rg2 Nc6 25. b4 a6 26. a4 Rg8 27. b5 axb5 28. axb5 Na7 29. Bd4 Nf5 30. Rxg8 Kxg8 31. Bc3 Kf7 32. Kd3 Nc8 33. Bd4 Nxd4 34. Kxd4 Ne7 35. f4 c6 36. bxc6 Nxc6+ 37. Ke4 Kg6 38. h4 Kh5 39. f5 Kxh4 40. f6 Nd8 41. f4 Kh5 42. f5 exf5+ 43. Kxf5 Kh6 44. Kf4 Kg6 45. Ke4 Kg5 46. Kd5 Kf5 47. Kd6 Nf7+ 48. Kxd7 Nxe5+ 49. Ke7 Ke4 50. Ke6 Kd4 51. Kf5 Nf7 52. Ke6 Ng5+ 53. Kf5 Nf7 54. Ke6 Ne5 55. Kf5 Nf7 1/2-1/2

[Event "Junior Online 4NCL Division 5"]
[Site "online"]
[Date "2021.04.15"]
[EventDate "2021.04.15"]
[Round "7.252"]
[White "Dasgupta, Soumyajit"]
[WhiteElo "927"]
[WhiteTeam "Maidenhead Juniors 6"]
[Black "Bagchi, Aadi"]
[BlackElo "995"]
[BlackTeam "Edgware Gambits H"]
[Result "0-1"]
[PlyCount "34"]

1. e4 e5 2. Nf3 Nc6 3. Bc4 Bc5 4. c3 Nf6 5. d3 h6 6. O-O O-O 7. b4 Bb6 8. a4 a6 9. a5 Ba7 10. Qe2 d5 11. exd5 Nxd5 12. Nxe5 Re8 13. Bf4 Nxe5 14. Bxe5 b5 15. Bb3 c6 16. Bd1 Qg5 17. Re1 Nf4 0-1

[Event "Junior Online 4NCL Division 5"]
[Site "online"]
[Date "2021.04.15"]
[EventDate "2021.04.15"]
[Round "7.253"]
[White "Illingworth-Law, Oscar"]
[WhiteElo "969"]
[WhiteTeam "Edgware Gambits H"]
[Black "Patel, Thanuj"]
[BlackElo "850"]
[BlackTeam "Maidenhead Juniors 6"]
[Result "1-0"]
[PlyCount "25"]

1. e4 e5 2. Nf3 Nf6 3. Nxe5 Nc6 4. Nxc6 Nxe4 5. Nxd8 Kxd8 6. Qe2 Bb4 7. Qxe4 Re8 8. Qxe8+ Kxe8 9. Bc4 b5 10. Bxb5 c6 11. Bc4 d5 12. Bd3 Bf5 13. Bxf5 1-0

[Event "Junior Online 4NCL Division 5"]
[Site "online"]
[Date "2021.04.15"]
[EventDate "2021.04.15"]
[Round "7.254"]
[White "Muthukumaran, Sriram"]
[WhiteElo "787"]
[WhiteTeam "Maidenhead Juniors 6"]
[Black "Patel, Kamran"]
[BlackElo "952"]
[BlackTeam "Edgware Gambits H"]
[Result "0-1"]
[PlyCount "82"]

1. e4 e5 2. Nf3 Nc6 3. Bc4 Be7 4. Nc3 Nf6 5. d3 O-O 6. Be3 d6 7. h3 Be6 8. Bb3 Bxb3 9. axb3 Nb4 10. O-O h6 11. Qd2 Kh7 12. Nb5 Na6 13. Nc3 b6 14. b4 Nxb4 15. Nb5 Nc6 16. Qc3 Qd7 17. Ra2 a5 18. Rfa1 Nb8 19. Na3 Nc6 20. Nh4 Nb4 21. b3 Nxa2 22. Rxa2 Nh5 23. Nf5 Bg5 24. Bxg5 hxg5 25. Ne3 Nf4 26. Kf1 Rfe8 27. Qc4 Re6 28. Nb5 Rc8 29. Na7 Ra8 30. Nb5 Rg6 31. Nxc7 Rc8 32. Ned5 g4 33. h4 g3 34. h5 Nxh5 35. fxg3 Nxg3+ 36. Kf2 Nh1+ 37. Kg1 Ng3 38. b4 Qg4 39. Ne7 Qd1+ 40. Kf2 Nh1+ 41. Ke3 Rg3# 0-1

[Event "Junior Online 4NCL Division 5"]
[Site "online"]
[Date "2021.04.15"]
[EventDate "2021.04.15"]
[Round "7.255"]
[White "Anchan, Arjun"]
[WhiteElo "940"]
[WhiteTeam "Maidenhead Juniors 6"]
[Black "Szajman, Adam"]
[BlackElo "998"]
[BlackTeam "Edgware Gambits H"]
[Result "0-1"]
[PlyCount "96"]

1. e4 e6 2. Nf3 d5 3. e5 Bd7 4. d3 Bb5 5. Bg5 Ne7 6. d4 Bxf1 7. Kxf1 h6 8. Bd2 Nf5 9. c3 c5 10. dxc5 Bxc5 11. Ke2 Nh4 12. Nxh4 Qxh4 13. g3 Qe4+ 14. Kf1 Qxh1+ 15. Ke2 Qxd1+ 16. Kxd1 Nc6 17. Na3 Bxa3 18. bxa3 Nxe5 19. Rb1 b6 20. Bf4 Nd3 21. Be3 Ke7 22. Ke2 Ne5 23. Bd4 Kd6 24. f4 Nc6 25. Bxg7 Rh7 26. Bd4 Nxd4+ 27. cxd4 Rc8 28. Kd2 Rc4 29. Kd3 Ra4 30. Rb3 Ra6 31. Kc3 Kc6 32. Kb4 b5 33. Rc3+ Kb6 34. Rc5 Ra5 35. Rc2 Ra4+ 36. Kb3 Rxd4 37. Kc3 Rc4+ 38. Kb3 Rxc2 39. Kxc2 Rh8 40. Kb3 Rc8 41. h4 Kc5 42. Kc3 d4+ 43. Kb3 Kd5 44. Kb2 d3 45. Kb3 d2 46. Kb2 d1=Q 47. a4 Qc2+ 48. Ka3 Qc3# 0-1

[Event "Junior Online 4NCL Division 5"]
[Site "online"]
[Date "2021.04.15"]
[EventDate "2021.04.15"]
[Round "7.256"]
[White "Bagchi, Aadi"]
[WhiteElo "995"]
[WhiteTeam "Edgware Gambits H"]
[Black "Dasgupta, Soumyajit"]
[BlackElo "927"]
[BlackTeam "Maidenhead Juniors 6"]
[Result "1/2-1/2"]
[PlyCount "110"]

1. e4 e5 2. Nf3 Nc6 3. Bc4 Bc5 4. O-O Nf6 5. d3 O-O 6. Re1 d6 7. h3 a6 8. a4 Nd4 9. Nxd4 exd4 10. Bg5 c6 11. Ba2 b5 12. axb5 cxb5 13. c3 dxc3 14. Nxc3 Bb4 15. Bd5 Ra7 16. Re3 Bc5 17. Rf3 Bd4 18. Ne2 Bxb2 19. Rb1 Ba3 20. Bxf6 gxf6 21. Rg3+ Kh8 22. Qc2 Qe7 23. Qc3 Bc5 24. Rf3 Qe5 25. Qxe5 fxe5 26. Rf6 Kg7 27. Rf3 Kh8 28. Rg3 Rg8 29. Rxg8+ Kxg8 30. Ng3 Be6 31. Bxe6 fxe6 32. Rc1 Bb4 33. Rc6 a5 34. Rc8+ Kf7 35. Rh8 Kg6 36. Rb8 a4 37. Rxb5 Bc5 38. Ne2 a3 39. Nc1 a2 40. Nxa2 Rxa2 41. g3 h5 42. Rb7 Kf6 43. Rh7 Kg6 44. Rb7 d5 45. exd5 exd5 46. Rd7 d4 47. Rd5 Ra5 48. Rxe5 Bb4 49. Rxa5 Bxa5 50. Kf1 Kf5 51. Ke2 Ke5 52. f3 Kd5 53. g4 hxg4 54. fxg4 Bd8 55. Kd2 Be7 1/2-1/2

[Event "Junior Online 4NCL Division 5"]
[Site "online"]
[Date "2021.04.15"]
[EventDate "2021.04.15"]
[Round "7.257"]
[White "Patel, Thanuj"]
[WhiteElo "850"]
[WhiteTeam "Maidenhead Juniors 6"]
[Black "Illingworth-Law, Oscar"]
[BlackElo "969"]
[BlackTeam "Edgware Gambits H"]
[Result "0-1"]
[PlyCount "36"]

1. e4 e5 2. Nf3 Nc6 3. Bb5 a6 4. Bc4 Bc5 5. d3 d6 6. Bg5 f6 7. Bh4 Bg4 8. h3 Bh5 9. g4 Bg6 10. O-O h5 11. gxh5 Bxh5 12. Nh2 Qd7 13. Qxh5+ Rxh5 14. Ng4 Rxh4 15. Bxg8 Rxh3 16. Nxf6+ gxf6 17. Be6 Qg7+ 18. Bg4 Qxg4# 0-1

[Event "Junior Online 4NCL Division 5"]
[Site "online"]
[Date "2021.04.15"]
[EventDate "2021.04.15"]
[Round "7.258"]
[White "Patel, Kamran"]
[WhiteElo "952"]
[WhiteTeam "Edgware Gambits H"]
[Black "Muthukumaran, Sriram"]
[BlackElo "787"]
[BlackTeam "Maidenhead Juniors 6"]
[Result "0-1"]
[PlyCount "82"]

1. d4 d5 2. Nf3 Nc6 3. Bf4 Nf6 4. e3 a6 5. Bd3 g6 6. c3 Bg7 7. O-O O-O 8. Nbd2 Bg4 9. h3 Bd7 10. Ng5 e6 11. Qb3 h6 12. Ngf3 Na5 13. Qb4 b6 14. Nb3 Nc6 15. Qa3 Re8 16. Bxa6 Bf8 17. Qa4 Nb8 18. Qxd7 Qxd7 19. Bb7 Ra7 20. Ne5 Qb5 21. Bc6 Nxc6 22. Nxc6 Qxc6 23. Nd2 g5 24. Be5 Bg7 25. Rfc1 Ne4 26. Bxg7 Kxg7 27. Nxe4 dxe4 28. Rc2 e5 29. dxe5 Qd7 30. Rcc1 Rxe5 31. Rc2 Rd5 32. Rcc1 Rd2 33. b4 Raxa2 34. Rxa2 Rxa2 35. Re1 Qd2 36. Rf1 c5 37. bxc5 bxc5 38. c4 f5 39. h4 Qc2 40. hxg5 hxg5 41. f4 Qxg2# 0-1

[Event "Junior Online 4NCL Division 5"]
[Site "online"]
[Date "2021.04.15"]
[EventDate "2021.04.15"]
[Round "7.272"]
[White "Faleye, Reuel"]
[WhiteElo "850"]
[WhiteTeam "Brentwood School C"]
[Black "Hansjee, Sebastian"]
[BlackElo "900"]
[BlackTeam "The Hall 5"]
[Result "1/2-1/2"]
[PlyCount "121"]

1. e4 e5 2. Nc3 Nc6 3. Nf3 Nf6 4. Bc4 Qe7 5. Ng5 h6 6. Nxf7 Rh7 7. d3 d6 8. Nd5 Nxd5 9. Bxd5 Nb4 10. Bc4 Nc6 11. Qh5 g6 12. Qxg6 Rg7 13. Qxh6 Be6 14. Bxe6 Nd8 15. Nxd8 Qxd8 16. Qh5+ Ke7 17. Bd5 c6 18. Bb3 d5 19. exd5 cxd5 20. Qxe5+ Kd7 21. Qxd5+ Kc8 22. Qxd8+ Kxd8 23. Bh6 Rxg2 24. Bxf8 Rc8 25. Bd6 Rg6 26. Bf7 Rxd6 27. O-O-O Rf6 28. Bh5 Rxf2 29. Rhg1 Rxh2 30. Rg8+ Kc7 31. Rxc8+ Kxc8 32. Bg4+ Kc7 33. Rf1 Rh4 34. Rf7+ Kb6 35. Rf4 Rh1+ 36. Kd2 Rh2+ 37. Kc3 a5 38. b4 axb4+ 39. Rxb4+ Ka7 40. Bc8 b6 41. a4 Rh8 42. Bf5 Rf8 43. Be4 Ka6 44. Kc4 Rc8+ 45. Kb3 Rb8 46. c4 Ka5 47. d4 Rd8 48. d5 Re8 49. Rb5+ Ka6 50. Bg6 Re3+ 51. Kb4 Rg3 52. Be8 Rg2 53. Kc3 Re2 54. Bh5 Re3+ 55. Kd4 Rh3 56. d6 Rh4+ 57. Kd5 Rxh5+ 58. Kc6 Rh8 59. Rxb6+ Ka7 60. d7 Rc8+ 61. dxc8=Q 1/2-1/2

[Event "Junior Online 4NCL Division 5"]
[Site "online"]
[Date "2021.04.15"]
[EventDate "2021.04.15"]
[Round "7.273"]
[White "Dean, Eskander"]
[WhiteElo "900"]
[WhiteTeam "The Hall 5"]
[Black "Jassar, Ryan"]
[BlackElo "800"]
[BlackTeam "Brentwood School C"]
[Result "1-0"]
[PlyCount "61"]

1. d4 e6 2. Nc3 Nc6 3. Bf4 e5 4. dxe5 g5 5. Bd2 Nxe5 6. e3 d6 7. Nf3 g4 8. Nxe5 dxe5 9. Bd3 Qh4 10. h3 g3 11. f3 Bb4 12. e4 Bxh3 13. Rxh3 Qf6 14. Nd5 Qd6 15. Bxb4 c5 16. Ba5 Rc8 17. Bc3 c4 18. Be2 Qc5 19. Rxg3 Qg1+ 20. Kd2 Qh2 21. Bxe5 Qh6+ 22. Bf4 c3+ 23. bxc3 Qe6 24. Nc7+ Rxc7 25. Bxc7 Qd7+ 26. Ke1 Qxc7 27. Rg5 Qxc3+ 28. Kf1 Nf6 29. Bb5+ Kf8 30. Qd8+ Ne8 31. Qxe8# 1-0

[Event "Junior Online 4NCL Division 5"]
[Site "online"]
[Date "2021.04.15"]
[EventDate "2021.04.15"]
[Round "7.276"]
[White "Hansjee, Sebastian"]
[WhiteElo "900"]
[WhiteTeam "The Hall 5"]
[Black "Faleye, Reuel"]
[BlackElo "850"]
[BlackTeam "Brentwood School C"]
[Result "0-1"]
[PlyCount "60"]

1. e4 e5 2. Nf3 Nc6 3. g3 Nf6 4. Nc3 d6 5. Bg2 Bg4 6. O-O Nd4 7. d3 Nxf3+ 8. Bxf3 Bh3 9. Bg2 Bxg2 10. Kxg2 d5 11. exd5 Nxd5 12. Nxd5 Qxd5+ 13. Kg1 Bc5 14. c4 Qd7 15. a3 O-O 16. b4 Be7 17. Be3 Bf6 18. Qf3 e4 19. Qxe4 Bxa1 20. Rxa1 Rab8 21. Bxa7 Ra8 22. Qxb7 Qxd3 23. c5 Qd4 24. Qxc7 Qxa1+ 25. Kg2 Qxa3 26. Bb6 Qxb4 27. c6 Qe4+ 28. Kh3 Rac8 29. Qb7 Rxc6 30. Ba5 Rh6# 0-1

[Event "Junior Online 4NCL Division 5"]
[Site "online"]
[Date "2021.04.15"]
[EventDate "2021.04.15"]
[Round "7.277"]
[White "Jassar, Ryan"]
[WhiteElo "800"]
[WhiteTeam "Brentwood School C"]
[Black "Dean, Eskander"]
[BlackElo "900"]
[BlackTeam "The Hall 5"]
[Result "0-1"]
[PlyCount "82"]

1. e3 e5 2. Qf3 Nc6 3. d4 exd4 4. exd4 Nxd4 5. Qe4+ Qe7 6. Bd3 Qxe4+ 7. Bxe4 Bc5 8. Nh3 d5 9. Bd3 Bxh3 10. gxh3 Nf6 11. O-O Ne4 12. Bxe4 dxe4 13. Be3 Nxc2 14. Bxc5 Nxa1 15. Re1 f5 16. Nc3 Nc2 17. Rd1 Rd8 18. Nd5 b6 19. Nxc7+ Kf7 20. Bd6 Nb4 21. Nb5 Nxa2 22. Nxa7 Ke6 23. Nb5 Rd7 24. Nd4+ Kxd6 25. Nxf5+ Ke6 26. Nd4+ Kf6 27. h4 Rhd8 28. h5 Rxd4 29. Rxd4 Rxd4 30. h6 gxh6 31. b3 Rb4 32. f4 Rxb3 33. h4 b5 34. h5 Rc3 35. f5 Kxf5 36. Kf2 b4 37. Ke2 b3 38. Kd2 b2 39. Ke2 b1=Q 40. Kd2 Qb2+ 41. Kd1 Rc1# 0-1

[Event "Junior Online 4NCL Division 5"]
[Site "online"]
[Date "2021.04.15"]
[EventDate "2021.04.15"]
[Round "7.281"]
[White "Tripathi, Advik"]
[WhiteElo "749"]
[WhiteTeam "Maidenhead Juniors 7"]
[Black "Vaidyanathan, Sathya"]
[BlackElo "1088"]
[BlackTeam "Warwickshire Bears H"]
[Result "0-1"]
[PlyCount "52"]

1. e4 e5 2. Nf3 Nc6 3. d4 exd4 4. Nxd4 Nf6 5. Nxc6 bxc6 6. Bd3 Bc5 7. Nc3 d6 8. O-O Bg4 9. Qe1 O-O 10. Bg5 h6 11. Bd2 Qd7 12. Qe3 Bxe3 13. Bxe3 c5 14. Rfe1 Rfe8 15. Rad1 c6 16. Rc1 Bh5 17. Bd2 Bg6 18. Rcd1 d5 19. exd5 cxd5 20. Rxe8+ Rxe8 21. Bxg6 fxg6 22. Kf1 d4 23. Nb1 Qb5+ 24. Kg1 Qe2 25. Re1 Qxe1+ 26. Bxe1 Rxe1# 0-1

[Event "Junior Online 4NCL Division 5"]
[Site "online"]
[Date "2021.04.15"]
[EventDate "2021.04.15"]
[Round "7.282"]
[White "Vora, Ravi"]
[WhiteElo "1050"]
[WhiteTeam "Warwickshire Bears H"]
[Black "Tripathi, Anaya"]
[BlackElo "716"]
[BlackTeam "Maidenhead Juniors 7"]
[Result "1-0"]
[PlyCount "91"]

1. d4 d5 2. c4 Nf6 3. cxd5 Nxd5 4. e4 Nf6 5. Nc3 Nc6 6. Nf3 e6 7. a3 Bd6 8. Bb5 a6 9. Bxc6+ bxc6 10. e5 Be7 11. exf6 Bxf6 12. O-O O-O 13. Ne4 Bb7 14. Nxf6+ Qxf6 15. Bg5 Qf5 16. Be3 c5 17. dxc5 Rfd8 18. Qe2 h6 19. Rad1 Rxd1 20. Rxd1 Bxf3 21. Qxf3 Qc2 22. b4 Qb3 23. Bc1 Qxf3 24. gxf3 a5 25. b5 Rb8 26. a4 Rc8 27. Bd2 Ra8 28. Rb1 Kf8 29. b6 Ke8 30. b7 Rb8 31. Bxa5 Kd7 32. Bc3 Kc6 33. a5 Rxb7 34. Rxb7 Kxb7 35. Bxg7 Ka6 36. Bxh6 Kxa5 37. Bf4 c6 38. h4 Kb5 39. h5 Kxc5 40. h6 Kd5 41. h7 c5 42. h8=Q c4 43. Qe5+ Kc6 44. Qd6+ Kb5 45. Bd2 Ka4 46. Qb4# 1-0

[Event "Junior Online 4NCL Division 5"]
[Site "online"]
[Date "2021.04.15"]
[EventDate "2021.04.15"]
[Round "7.285"]
[White "Vaidyanathan, Sathya"]
[WhiteElo "1088"]
[WhiteTeam "Warwickshire Bears H"]
[Black "Tripathi, Advik"]
[BlackElo "749"]
[BlackTeam "Maidenhead Juniors 7"]
[Result "1-0"]
[PlyCount "75"]

1. e4 e5 2. Nf3 Nc6 3. Bc4 Bc5 4. Nc3 Nf6 5. d3 O-O 6. O-O d6 7. h3 h6 8. a3 a6 9. b4 Bd4 10. Nxd4 exd4 11. Nd5 Nxd5 12. Bxd5 a5 13. Bxc6 bxc6 14. bxa5 Rxa5 15. Bd2 Ra8 16. c3 dxc3 17. Bxc3 Qg5 18. Qf3 Ra4 19. Rfd1 Ba6 20. Bd2 Bc8 21. Bxg5 hxg5 22. Qg3 Ra5 23. d4 Re8 24. e5 dxe5 25. dxe5 Rexe5 26. Rd8+ Kh7 27. Qd3+ g6 28. Rxc8 Red5 29. Qf3 Rd7 30. Rf8 Rf5 31. Qxc6 Re7 32. Qc3 Ree5 33. Qxc7 Kh6 34. Rh8+ Kg7 35. Qd8 Re8 36. Qxe8 Kf6 37. Re1 Re5 38. Qxe5# 1-0

[Event "Junior Online 4NCL Division 5"]
[Site "online"]
[Date "2021.04.15"]
[EventDate "2021.04.15"]
[Round "7.286"]
[White "Tripathi, Anaya"]
[WhiteElo "716"]
[WhiteTeam "Maidenhead Juniors 7"]
[Black "Vora, Ravi"]
[BlackElo "1050"]
[BlackTeam "Warwickshire Bears H"]
[Result "0-1"]
[PlyCount "54"]

1. e4 e5 2. Nf3 Nc6 3. Nc3 Nf6 4. d4 exd4 5. Nxd4 Nxd4 6. Qxd4 d6 7. Bg5 Be7 8. Bb5+ c6 9. Bd3 h6 10. Bxf6 Bxf6 11. Qe3 Bxc3+ 12. bxc3 O-O 13. O-O Re8 14. h3 d5 15. f3 f5 16. Qf4 Qe7 17. exd5 cxd5 18. Rfe1 Qf7 19. Rxe8+ Qxe8 20. Bxf5 Bxf5 21. Qxf5 Qe3+ 22. Kf1 Qxc3 23. Qxd5+ Kh7 24. Qxb7 Qxa1+ 25. Kf2 Rd8 26. c4 Rd2+ 27. Ke3 Qd4# 0-1

[Event "Junior Online 4NCL Division 5"]
[Site "online"]
[Date "2021.04.15"]
[EventDate "2021.04.15"]
[Round "7.291"]
[White "Kou, Edward"]
[WhiteElo "925"]
[WhiteTeam "Wimbledon Juniors B"]
[Black "Subramonian, Ananya"]
[BlackElo "796"]
[BlackTeam "Edgware Gambits K"]
[Result "0-1"]
[PlyCount "64"]

1. e4 e5 2. Nf3 Nc6 3. Nc3 Nf6 4. Bc4 Nxe4 5. Nxe4 d5 6. Nc3 dxc4 7. b3 cxb3 8. axb3 Bc5 9. O-O O-O 10. Bb2 Bf5 11. Re1 Bd6 12. Nb5 e4 13. Nxd6 cxd6 14. Nd4 Nxd4 15. Bxd4 Qg5 16. g3 e3 17. h4 exf2+ 18. Bxf2 Qg6 19. Be3 Qxg3+ 20. Kf1 Bh3+ 21. Ke2 Bg4+ 22. Kd3 Bxd1 23. Rexd1 Qg6+ 24. Kc3 Rac8+ 25. Kb2 Qxc2+ 26. Ka3 Rfe8 27. Rac1 Qf5 28. Rb1 Qa5+ 29. Kb2 Rc6 30. Ra1 Qb5 31. d4 Rxe3 32. d5 Qxb3# 0-1

[Event "Junior Online 4NCL Division 5"]
[Site "online"]
[Date "2021.04.15"]
[EventDate "2021.04.15"]
[Round "7.292"]
[White "Trim, Xanthe"]
[WhiteElo "775"]
[WhiteTeam "Edgware Gambits K"]
[Black "Tinworth, Frederick"]
[BlackElo "925"]
[BlackTeam "Wimbledon Juniors B"]
[Result "0-1"]
[PlyCount "68"]

1. d4 d5 2. Nc3 Nc6 3. Nf3 Bg4 4. Bg5 Bxf3 5. exf3 h6 6. Bf4 Nf6 7. Bb5 e6 8. O-O Bb4 9. Ne2 O-O 10. c3 Bd6 11. Be3 Ne7 12. Bd3 c6 13. f4 b5 14. f5 exf5 15. b4 f4 16. Nxf4 Bxf4 17. Bxf4 Ng4 18. Qxg4 g5 19. Rae1 f6 20. Re6 Qd7 21. Rfe1 a5 22. Qh5 axb4 23. Qxh6 Rf7 24. Bh7+ Rxh7 25. Qxf6 Rf8 26. Qxg5+ Rg7 27. Qh6 Nf5 28. Qh3 bxc3 29. Qxc3 Re7 30. Rxc6 Rxe1+ 31. Qxe1 Qxc6 32. g4 Re8 33. Qb1 Nxd4 34. Qc1 Ne2+ 0-1

[Event "Junior Online 4NCL Division 5"]
[Site "online"]
[Date "2021.04.15"]
[EventDate "2021.04.15"]
[Round "7.293"]
[White "Ali, Zayne"]
[WhiteElo "800"]
[WhiteTeam "Wimbledon Juniors B"]
[Black "Tchernitser, David"]
[BlackElo "843"]
[BlackTeam "Edgware Gambits K"]
[Result "0-1"]
[PlyCount "30"]

1. e4 e5 2. d3 Bb4+ 3. c3 Bc5 4. b4 Bxf2+ 5. Kxf2 Nh6 6. h4 O-O 7. Bg5 f6 8. Bc1 Nf7 9. Ne2 h6 10. Kg1 d5 11. c4 dxc4 12. Ng3 cxd3 13. Bxd3 Qd4+ 14. Kf1 c5 15. Qg4 Bxg4 0-1

[Event "Junior Online 4NCL Division 5"]
[Site "online"]
[Date "2021.04.15"]
[EventDate "2021.04.15"]
[Round "7.294"]
[White "Wen, Liana"]
[WhiteElo "700"]
[WhiteTeam "Edgware Gambits K"]
[Black "Mold, Ernest"]
[BlackElo "649"]
[BlackTeam "Wimbledon Juniors B"]
[Result "0-1"]
[PlyCount "84"]

1. e4 e5 2. Nf3 Nc6 3. Bc4 Nh6 4. h3 Bc5 5. Nc3 d6 6. d3 Qe7 7. O-O Be6 8. Bg5 f6 9. Bh4 a6 10. Bxe6 Qxe6 11. a3 O-O-O 12. b4 Ba7 13. d4 exd4 14. Nxd4 Nxd4 15. Nd5 Rd7 16. c3 Nc6 17. Re1 g5 18. Bg3 Nf5 19. exf5 Qxf5 20. Ne3 Bxe3 21. Rxe3 Ne5 22. Rc1 Nc4 23. Rd3 Rhd8 24. Bxd6 Nb2 25. Qd2 Nxd3 26. Bxc7 Nxc1 27. Qxc1 Rxc7 28. c4 Qe6 29. c5 Qc6 30. Kf1 Qb5+ 31. Ke1 Re8+ 32. Kd2 Rd7+ 33. Kc3 Qe2 34. a4 Qe5+ 35. Kc4 Qd4+ 36. Kb3 Qd3+ 37. Kb2 Re2+ 38. Ka1 Qd4+ 39. Kb1 Qxb4+ 40. Ka1 Qxa4+ 41. Kb1 Rd1 42. Qxd1 Qxd1# 0-1

[Event "Junior Online 4NCL Division 5"]
[Site "online"]
[Date "2021.04.15"]
[EventDate "2021.04.15"]
[Round "7.295"]
[White "Subramonian, Ananya"]
[WhiteElo "796"]
[WhiteTeam "Edgware Gambits K"]
[Black "Kou, Edward"]
[BlackElo "925"]
[BlackTeam "Wimbledon Juniors B"]
[Result "1-0"]
[PlyCount "75"]

1. e4 c6 2. d4 d5 3. exd5 cxd5 4. Nc3 Be6 5. Nf3 Nc6 6. h3 Nf6 7. Bb5 a6 8. Bd3 g6 9. O-O Bg7 10. Ng5 O-O 11. Qf3 Ne4 12. Ncxe4 Nxd4 13. Qg3 dxe4 14. Qh4 h6 15. Nxe4 f5 16. Nc5 g5 17. Qh5 Bf7 18. Qd1 b6 19. Nb3 Bxb3 20. axb3 a5 21. Bc4+ e6 22. Bxe6+ Nxe6 23. Qxd8 Re8 24. Qd5 Rad8 25. Qxf5 Nf4 26. h4 Ne2+ 27. Kh1 gxh4 28. Qh5 Rd4 29. Qxe8+ Kh7 30. Qxe2 h3 31. Qe7 Rh4 32. Qxh4 hxg2+ 33. Kxg2 Bf6 34. Qxh6+ Kg8 35. Qxf6 Kh7 36. Rh1+ Kg8 37. Bh6 Kh7 38. Qg7# 1-0

[Event "Junior Online 4NCL Division 5"]
[Site "online"]
[Date "2021.04.15"]
[EventDate "2021.04.15"]
[Round "7.296"]
[White "Tinworth, Frederick"]
[WhiteElo "925"]
[WhiteTeam "Wimbledon Juniors B"]
[Black "Trim, Xanthe"]
[BlackElo "775"]
[BlackTeam "Edgware Gambits K"]
[Result "1-0"]
[PlyCount "37"]

1. e4 e5 2. Nf3 Nc6 3. Bb5 Nf6 4. Bxc6 bxc6 5. Nxe5 Nxe4 6. Qe2 Nd6 7. Nxc6+ Be7 8. Nxd8 Kxd8 9. O-O Re8 10. d3 Bg5 11. Qg4 Bxc1 12. Rxc1 Nb5 13. h3 d5 14. Qxg7 c6 15. Qg5+ Kc7 16. c4 dxc4 17. dxc4 Nd4 18. Qf4+ Kb6 19. Qxd4+ 1-0

[Event "Junior Online 4NCL Division 5"]
[Site "online"]
[Date "2021.04.15"]
[EventDate "2021.04.15"]
[Round "7.298"]
[White "Mold, Ernest"]
[WhiteElo "649"]
[WhiteTeam "Wimbledon Juniors B"]
[Black "Wen, Liana"]
[BlackElo "700"]
[BlackTeam "Edgware Gambits K"]
[Result "1-0"]
[PlyCount "71"]

1. e4 e5 2. Nf3 Nc6 3. Nc3 Bc5 4. Bc4 d6 5. Qe2 Nf6 6. d3 O-O 7. Be3 Bg4 8. h3 Bh5 9. g4 Bg6 10. O-O-O a6 11. Nh4 b5 12. Nxg6 hxg6 13. Bxf7+ Rxf7 14. Bxc5 dxc5 15. a3 Nd4 16. Qd2 a5 17. Nxb5 Nf3 18. Qe3 Nd7 19. Nc3 Rb8 20. b3 a4 21. bxa4 Qc8 22. Nb5 c6 23. Nd6 Qa6 24. Nxf7 Qb6 25. Qxf3 Qb2+ 26. Kd2 c4 27. Nh6+ gxh6 28. g5 hxg5 29. h4 gxh4 30. Rxh4 Kg7 31. Qe3 Kf6 32. Qf3+ Kg5 33. Qg4+ Kf6 34. Qf3+ Kg5 35. Rg4+ Kh5 36. Qh3# 1-0

[Event "Junior Online 4NCL Division 5"]
[Site "online"]
[Date "2021.04.15"]
[EventDate "2021.04.15"]
[Round "7.301"]
[White "Liu, Reuben"]
[WhiteElo "840"]
[WhiteTeam "Surrey Kings 6"]
[Black "Rolletta, Sofia"]
[BlackElo "1218"]
[BlackTeam "Golden Falcons 2"]
[Result "1-0"]
[PlyCount "93"]

1. e4 e6 2. d4 d5 3. e5 f6 4. Nf3 fxe5 5. Nxe5 Bd6 6. Nc3 Bxe5 7. dxe5 c6 8. Bd3 b6 9. Be3 d4 10. Be4 Qc7 11. Bxd4 c5 12. Nb5 Qd7 13. Bxa8 cxd4 14. Nxd4 Bb7 15. Bxb7 Qxb7 16. Nxe6 Qxg2 17. Rf1 Kf7 18. Nf4 Qxh2 19. Qd2 Ne7 20. O-O-O g5 21. e6+ Kf6 22. Qd4+ Kf5 23. Qxh8 Qxf4+ 24. Kb1 Ng6 25. Qxb8 Qxb8 26. Rd5+ Kxe6 27. Rxg5 Nh4 28. Re1+ Kf6 29. Rh5 Nf3 30. Rh6+ Kg5 31. Rhe6 Nxe1 32. Rxe1 Qg3 33. a3 h5 34. fxg3 Kg4 35. Rg1 h4 36. gxh4+ Kxh4 37. b4 Kh3 38. Rg8 Kh4 39. c4 Kh5 40. Rg1 Kh4 41. a4 Kh5 42. c5 bxc5 43. bxc5 Kh6 44. c6 Kh7 45. c7 Kh6 46. c8=Q Kh5 47. Qh3# 1-0